000 00575nam a2200205 i 4500
001 18938
003 ES-MaACL
007 t|
008 020415s2002 sp ||||1| spa d
020 _a84-321-3386-8
080 _a821.134.2-14"19"
100 1 _aGómez-Coronado, José Antonio.
_957876
245 1 3 _aEl triunfo de los días /
_cJosé Antonio Gómez-Coronado.
260 _aMadrid :
_bRialp,
_c[2002]
300 _a68 p. ;
_c18 cm.
490 1 _aAdonais ;
_v560
830 0 0 _aAdonáis
_v560
_9173743
852 _aES-MaACL
_jJ-23-560
_bR.131587
999 _c18938
_d18938